UK citizenship test - Statistics

General Stats
  • This quiz has been taken 136 times
    135 since last reset
  • The average score is 18 of 24
Answer Stats
Question Answer % Correct
Where is the UK parliament based? Westminster
91%
Why is 1918 an important date in the history of women’s rights? Women were given the right to vote
91%
Which colonies of the British Empire decided to declare their independence in 1776? American
88%
Which is a fundamental principle of British life? Participation in community life
88%
St. Andrew is the patron saint of which country? Scotland
85%
Which of the following is a famous Stone Age site in the UK? Stoneheng
85%
Who has to pay National Insurance contributions? Everybody in the UK who is in paid work
82%
Which of the following is a British overseas territory? Falkland Islands
82%
What is a responsibility that you will have as a citizen or permanent resident of the UK? Looking after the environment
82%
Who invaded England in 1066? William of Normandy
82%
What countries does “Great Britain” refer to? England, Scotland and Wales
76%
What must you have done in order to vote in elections? Put your name on the electoral register
76%
What happened in 1215 to change the powers of the king? Magna Carta
71%
Which of these is the name of a novel by Jane Austen? Sense and Sensibility
71%
Which stories are associated with Geoffrey Chaucer? The Canterbury Tales
71%
In which part of the British Empire did the Boer War of 1899-1902 take place? South Africa
68%
In everyday language people may say, "rain stopped play." With which sport is this phrase associated? Cricket
65%
When walking your dog in a public place, what must you ensure? That your dog wears a collar showing the name and address of the owner
65%
What is a fundamental principle of British life? The rule of law
65%
What do Sir William Golding, Seamus Heaney and Harold Pinter have in common? They have all been awarded the Nobel Prize in Literature
59%
Who built the Tower of London? William the Conqueror
59%
Which jubilee did Queen Elizabeth II celebrate in 2012? Diamond Jubilee
56%
What are Beowulf, The Tyger and She Walks in Beauty? Poems
50%
How often does Prime Minister’s Questions occur when Parliament is sitting? Once a week
44%
No matching quizzes found
Score Distribution
Percent of People with Each Score
Percentile by Number Answered
Your Score History
You have not taken this quiz since the last reset